000 00797nam a2200241Ia 4500
003 OSt
005 20220923225306.0
006 a|||||r|||| 00| 0
007 ta
008 220922b |||||||| |||| 00| 0 hin d
024 _a262,158
037 _cTextual
040 _aARTS
_cARTS
_bhin
041 _2hin
_ahin
082 _aO152,1:gN, J0
100 _aवाजपेयी, किशोरी दास, शास्त्री
_9168576
245 0 _aकाव्य में रहस्यवाद
246 _aKāvya mean rahasyavāda
260 _c1950
650 _aहिन्दी साहित्य
_9156264
942 _hO152,1:gN, J0
_cTEXL
_2CC
999 _c377283
_d377283